| 000 | 01497cam a22003975a 4500 | ||
|---|---|---|---|
| 999 |
_c529872 _d529872 |
||
| 001 | 14019553 | ||
| 003 | NUST | ||
| 005 | 20191004105414.0 | ||
| 008 | 050629s2005 scua 000 0 eng d | ||
| 010 | _a 2005929993 | ||
| 020 | _a030909755X | ||
| 035 | _a(OCoLC)ocm62586622 | ||
| 038 | _aMSOHAIL | ||
| 040 |
_aOSU _cOSU _dOCLCQ _dBUF _dDLC |
||
| 042 | _alccopycat | ||
| 050 | 0 | 0 |
_aHE333 _b.A23 2005 |
| 082 | _a0 | ||
| 245 | 0 | 0 |
_aAccess rights : _ba synthesis of highway practice / _cconsultants, Del Huntington and Jerilyn Wen. |
| 260 |
_aWashington, D.C. : _bTransportation Research Board, National Research Council, _c2005. |
||
| 300 |
_a82 p. : _bill. ; _c28 cm. |
||
| 490 | 1 |
_aNCHRP synthesis, _x0547-5570 ; _v351 |
|
| 504 | _aIncludes bibliographical references (p. 42-43) | ||
| 530 | _aAlso available via the Internet. | ||
| 650 | 0 |
_aTraffic engineering. _9394 |
|
| 650 | 0 |
_aTraffic flow. _921867 |
|
| 650 | 0 |
_aTraffic safety. _919675 |
|
| 700 | 1 |
_aHuntington, Del. _922861 |
|
| 700 | 1 |
_aWen, Jerilyn C. _922763 |
|
| 710 | 2 |
_aNational Cooperative Highway Research Program. _920864 |
|
| 830 | 0 |
_aSynthesis of highway practice ; _v351. _922862 |
|
| 856 | 4 | 1 |
_3Table of contents only _uhttp://www.loc.gov/catdir/toc/fy0614/2005929993.html |
| 856 | 4 | 1 | _uhttp://trb.org/publications/nchrp/nchrp%5Fsyn%5F351.pdf |
| 906 |
_a7 _bcbc _ccopycat _d2 _eepcn _f20 _gy-gencatlg |
||
| 942 |
_2ddc _cBK |
||